[Event "AUTO-OPEN-660"]
[Site "http://www.queenalice.com/game.php?id=211111"]
[Date "2007.5.15"]
[Round "1"]
[White "chronorook"]
[Black "IkeBroflovski"]
[Result "1-0"]
[WhiteElo "1732"]
[BlackElo "1535"]

1. e4 e6 2. d4 d5 3. Nc3 Nc6 4. exd5 exd5 5. Bd3 Bb4 6. Bd2 Nge7 7. Nf3 Bg4 8.
Be3 Qd7 9. O-O O-O-O 10. a3 Bd6 11. b4 f6 12. h3 Bh5 13. Be2 g5 14. Nd2 Bxe2 15.
Qxe2 Ng6 16. Nb5 h5 17. Nxd6+ Qxd6 18. Nb3 Nf4 19. Bxf4 Qxf4 20. b5 Nxd4 21.
Nxd4 Qxd4 22. Rfd1 Qe5 23. Qd2 g4 24. h4 g3 25. fxg3 Qxg3 26. Qd4 Rhg8 27. Rd2
b6 28. Rad1 Rge8 29. Rf2 1-0

[Event "AUTO-OPEN-660"]
[Site "http://www.queenalice.com/game.php?id=211112"]
[Date "2007.5.15"]
[Round "1"]
[White "IkeBroflovski"]
[Black "chronorook"]
[Result "0-1"]
[WhiteElo "1588"]
[BlackElo "1704"]

1. Nf3 c5 2. c4 Nc6 3. d4 e6 4. d5 exd5 5. cxd5 Nce7 6. e4 d6 7. Nc3 g6 8. Be2
Bg7 9. O-O Nf6 10. Qc2 O-O 11. Bg5 a6 12. a4 Bd7 13. a5 b5 14. axb6 Qxb6 15.
Rfb1 a5 16. h3 Kh8 17. Bc4 Neg8 18. e5 dxe5 19. Nxe5 Bf5 20. Bd3 Bxd3 21. Qxd3
Rad8 22. Nc6 Qxc6 0-1

[Event "AUTO-OPEN-660"]
[Site "http://www.queenalice.com/game.php?id=211113"]
[Date "2007.5.15"]
[Round "1"]
[White "chronorook"]
[Black "GusthavOX"]
[Result "0-1"]
[WhiteElo "1733"]
[BlackElo "1611"]

1. e4 e5 2. c4 Bc5 3. Nf3 Qf6 4. a3 a5 5. Be2 Nh6 6. Nc3 Nc6 7. Nd5 Qd8 8. d4
Nxd4 9. Bxh6 gxh6 10. Nxe5 c6 11. Ne3 Nxe2 12. Qxe2 d6 13. O-O-O Qg5 14. Nf3 Bg4
15. h3 Bxe3+ 16. fxe3 Bxf3 17. gxf3 O-O-O 18. Rhg1 Qc5 19. Rg7 f5 20. Re7 fxe4
21. Rxe4 d5 22. Red4 dxc4 23. Rxd8+ Rxd8 24. Rxd8+ Kxd8 25. e4 Qg1+ 26. Kc2 b5
27. e5 Qg3 28. Qd2+ Ke7 29. Qd6+ Kf7 30. Qf6+ Kg8 31. e6 Qg6+ 32. Qxg6+ hxg6 33.
Kc3 Kf8 34. Kd4 Ke7 35. Kc5 Kxe6 36. Kxc6 b4 37. Kc5 bxa3 0-1

[Event "AUTO-OPEN-660"]
[Site "http://www.queenalice.com/game.php?id=211115"]
[Date "2007.5.15"]
[Round "1"]
[White "chronorook"]
[Black "kloosterveen"]
[Result "0-1"]
[WhiteElo "1778"]
[BlackElo "1853"]

1. e4 Nc6 2. d4 d5 3. exd5 Qxd5 4. Nf3 Bg4 5. Be2 Bxf3 6. Bxf3 Qb5 7. Nc3 Qb6 8.
d5 Ne5 9. Bg4 Nf6 10. Bh3 h5 11. Bd2 Rd8 12. Qe2 Ng6 13. O-O-O Nxd5 14. Be3 Nxe3
15. Rxd8+ Kxd8 16. Qd3+ Qd6 17. Qxe3 Qf4 18. Rd1+ Ke8 19. Nb5 Qxe3+ 20. fxe3 e6
21. Nxc7+ Ke7 22. g3 f5 23. Bg2 b6 24. Bc6 Kf7 25. Rd7+ Be7 26. Nb5 a6 27. Nd6+
Kf6 28. Nc4 Rc8 29. Nxb6 Rxc6 30. Na4 Ne5 31. Rd2 Nc4 32. Re2 g5 33. Nc3 Bc5 34.
e4 Be3+ 35. Kb1 Bd4 36. exf5 Bxc3 37. bxc3 exf5 38. a4 Ne5 39. Kb2 Nc4+ 40. Kb3
Ne5 41. h3 Rb6+ 42. Ka2 Nc4 43. Rf2 Re6 44. Kb3 Re4 45. Kb4 Nb6+ 46. Kb3 Rxa4
47. Rf3 g4 48. hxg4 Rxg4 0-1

[Event "AUTO-OPEN-660"]
[Site "http://www.queenalice.com/game.php?id=211116"]
[Date "2007.5.15"]
[Round "1"]
[White "kloosterveen"]
[Black "chronorook"]
[Result "1-0"]
[WhiteElo "1691"]
[BlackElo "1733"]

1. d4 Nf6 2. Bg5 b6 3. Bxf6 exf6 4. e4 Bb7 5. d5 Bc5 6. Nf3 O-O 7. Be2 Qe7 8.
O-O c6 9. Nc3 cxd5 10. Nxd5 Bxd5 11. exd5 d6 12. c4 Nd7 13. b3 Ba3 14. Rb1 Rfe8
15. Re1 Ne5 16. Nd4 Bc5 17. Nf5 Qd7 18. Bg4 Nxg4 19. Qxg4 1-0

[Event "AUTO-INT-404"]
[Site "http://www.queenalice.com/game.php?id=235181"]
[Date "2007.7.5"]
[Round "2"]
[White "Enrico"]
[Black "chronorook"]
[Result "0-1"]
[WhiteElo "1731"]
[BlackElo "1785"]

1. e4 c5 2. Nc3 d6 3. Nf3 e6 4. Bc4 a6 5. d3 b5 6. Bb3 Bb7 7. Be3 Be7 8. d4 cxd4
9. Bxd4 Nf6 10. O-O O-O 11. Re1 Nc6 12. e5 dxe5 13. Bxe5 Nxe5 14. Nxe5 Qc7 15.
a3 Rad8 16. Qe2 Bd6 17. g3 Bxe5 18. Qxe5 Qc6 19. Kf1 Qg2+ 20. Ke2 Bf3+ 21. Ke3
Ng4+ 22. Kf4 Nxe5 23. Rxe5 Qxf2 24. Ne4 Bxe4+ 25. Kxe4 Rd4# 0-1

[Event "AUTO-INT-404"]
[Site "http://www.queenalice.com/game.php?id=235182"]
[Date "2007.7.5"]
[Round "2"]
[White "chronorook"]
[Black "Enrico"]
[Result "0-1"]
[WhiteElo "1799"]
[BlackElo "1707"]

1. e4 e5 2. Nf3 Nc6 3. Bb5 a6 4. Ba4 d6 5. c3 Nf6 6. O-O Nxe4 7. Bxc6+ bxc6 8.
Qa4 Nf6 9. Qxc6+ Bd7 10. Qb7 Bg4 11. h3 Bxf3 12. Qxf3 Be7 13. d3 h6 14. Nd2 d5
15. b3 c6 16. Bb2 O-O 17. Rfe1 Qc7 18. Rac1 Qd6 19. Nf1 Nd7 20. Ng3 Qf6 21. Qe2
Bd6 22. Nf1 Qe6 23. Nh2 f6 24. Ng4 f5 25. Nh2 a5 26. Nf3 g6 27. Nd4 Qe8 28. Nxc6
Rf6 29. Nd4 Qc8 30. Nc2 h5 31. Ba3 Bxa3 32. Nxa3 Rb8 33. Qd2 Kg7 34. c4 d4 35.
Nb5 Ra8 36. Qg5 Qd8 37. c5 Rc6 38. Nd6 Qxg5 0-1

[Event "AUTO-INT-404"]
[Site "http://www.queenalice.com/game.php?id=235183"]
[Date "2007.7.5"]
[Round "2"]
[White "aormic"]
[Black "chronorook"]
[Result "1-0"]
[WhiteElo "1961"]
[BlackElo "1779"]

1. c4 e5 2. Nc3 Nf6 3. g3 d6 4. Bg2 Be7 5. e3 O-O 6. Nge2 c6 7. d4 Bg4 8. O-O
Nbd7 9. Qc2 Qc7 10. b3 Rac8 11. Bb2 d5 12. dxe5 Nxe5 13. cxd5 cxd5 14. Nd4 Ng6
15. Rac1 Bb4 16. Nxd5 Nxd5 17. Bxd5 Qd7 18. Qe4 Bh3 19. Bxb7 Rce8 20. Qc6 Qxc6
21. Bxc6 Bxf1 22. Bxe8 Rxe8 23. Kxf1 a5 24. Nc6 h6 25. a3 Bd6 26. Nxa5 Ne5 27.
Bxe5 Bxa3 28. Ra1 1-0

[Event "AUTO-INT-404"]
[Site "http://www.queenalice.com/game.php?id=235184"]
[Date "2007.7.5"]
[Round "2"]
[White "chronorook"]
[Black "aormic"]
[Result "0-1"]
[WhiteElo "1770"]
[BlackElo "1977"]

1. e4 c5 2. Nf3 Nc6 3. Bb5 d6 4. d4 cxd4 5. Bxc6+ bxc6 6. Nxd4 c5 7. Nf3 Bb7 8.
Nc3 e6 9. O-O Be7 10. Bf4 Nf6 11. Qe2 O-O 12. Rad1 Qb6 13. b3 Ba6 14. Qd2 Bxf1
15. Rxf1 Rfd8 16. Rd1 Qc6 17. h3 Nxe4 18. Nxe4 Qxe4 19. Re1 Qc6 20. Bg5 Qc7 21.
Bxe7 Qxe7 22. Rd1 Qf6 23. c4 d5 24. Qa5 dxc4 25. Rxd8+ Qxd8 26. Qxc5 cxb3 27.
axb3 Qd1+ 28. Kh2 Qxb3 29. Qc6 Rb8 30. Ne5 h6 31. Nd7 Qb7 32. Qa4 Rd8 33. Ne5
Qc7 34. f4 Rd2 35. Qe8+ Kh7 36. Qa4 Qc2 37. Qxc2+ Rxc2 38. Nxf7 a5 0-1

[Event "AUTO-ADV-492"]
[Site "http://www.queenalice.com/game.php?id=258985"]
[Date "2007.8.21"]
[Round "2"]
[White "crubiov"]
[Black "chronorook"]
[Result "1-0"]
[WhiteElo "2292"]
[BlackElo "1755"]

1. e4 c5 2. Nf3 d6 3. d4 cxd4 4. Nxd4 Nf6 5. Nc3 a6 6. Be2 e5 7. Nb3 Be6 8. O-O
Be7 9. Be3 O-O 10. Nd5 Bxd5 11. exd5 Nbd7 12. c4 Rc8 13. a4 b6 14. a5 bxa5 15.
Nxa5 Nc5 16. b4 Nce4 17. Qd3 Nc3 18. Qxc3 Nxd5 19. Qd2 Nxe3 20. Qxe3 Qc7 21. Qe4
d5 22. cxd5 f5 23. Qc4 Qxc4 24. Nxc4 Bxb4 25. Nxe5 a5 26. Nc6 Kf7 27. Nxa5 Bxa5
28. Rxa5 Rfd8 29. Ra7+ Kf6 30. Rfa1 Rxd5 31. R1a6+ Ke5 32. f4+ Kxf4 33. Re7 Rd2
34. g3+ Kg5 35. Rxg7# 1-0

[Event "AUTO-ADV-492"]
[Site "http://www.queenalice.com/game.php?id=258986"]
[Date "2007.8.21"]
[Round "2"]
[White "chronorook"]
[Black "crubiov"]
[Result "0-1"]
[WhiteElo "1750"]
[BlackElo "2296"]

1. e4 e5 2. Nf3 Nf6 3. Nxe5 Qe7 4. d4 d6 5. Nf3 Qxe4+ 6. Be2 Be7 7. O-O O-O 8.
c4 Bf5 9. Nc3 Qc2 10. Qxc2 Bxc2 11. Be3 Re8 12. Rac1 Bf5 13. h3 Na6 14. a3 c6
15. Rfd1 Nc7 16. g4 Be6 17. g5 Nd7 18. h4 d5 19. c5 Bd8 20. Nh2 f6 21. Bg4 Bxg4
22. Nxg4 f5 23. Nh2 Ne6 24. Kf1 f4 25. Bd2 Nxd4 26. Bxf4 Nb3 27. Rc2 Ndxc5 28.
Nf3 Rf8 29. Re2 Rxf4 30. Kg2 Bb6 31. Re7 Raf8 32. Ne5 Rxf2+ 33. Kg1 Rxb2 34. Rf1
Ne4+ 0-1

[Event "AUTO-ADV-492"]
[Site "http://www.queenalice.com/game.php?id=258991"]
[Date "2007.8.21"]
[Round "2"]
[White "chronorook"]
[Black "loko"]
[Result "0-1"]
[WhiteElo "1753"]
[BlackElo "2081"]

1. e4 e5 2. Nf3 Nc6 3. Bb5 Nd4 4. Nxd4 exd4 5. Qf3 c6 6. Bc4 Nf6 7. e5 d5 8.
exd6 Bxd6 9. O-O O-O 10. h3 Re8 11. d3 Be6 12. Nd2 Qc7 13. Ne4 Nxe4 14. Qxe4
Bxc4 15. Qxd4 Be6 16. Bd2 Rad8 17. Qxa7 c5 18. Qa4 Bd7 19. Qh4 Re2 20. Rad1 Rde8
21. c4 b5 22. Rfe1 Rxe1+ 23. Rxe1 Rxe1+ 24. Bxe1 bxc4 25. dxc4 Be5 26. b3 Bf6
27. Qe4 Bc6 28. Qf5 Bb7 0-1

[Event "AUTO-ADV-492"]
[Site "http://www.queenalice.com/game.php?id=258992"]
[Date "2007.8.21"]
[Round "2"]
[White "loko"]
[Black "chronorook"]
[Result "1-0"]
[WhiteElo "2085"]
[BlackElo "1758"]

1. e4 c5 2. Nf3 d6 3. d4 cxd4 4. Nxd4 Nf6 5. Nc3 a6 6. Bc4 Qc7 7. Bb3 b5 8. Bg5
Bb7 9. f3 Nbd7 10. Qd2 e6 11. O-O-O Be7 12. Rhe1 Rc8 13. Bxe6 fxe6 14. Nxe6 Qa5
15. Nxg7+ Kf7 16. Nf5 b4 17. Bxf6 bxc3 18. Qg5 cxb2+ 19. Kb1 Qxf5 20. Qg7+ 1-0

[Event "AUTO-ADV-492"]
[Site "http://www.queenalice.com/game.php?id=258993"]
[Date "2007.8.21"]
[Round "2"]
[White "chronorook"]
[Black "Amadeus"]
[Result "0-1"]
[WhiteElo "1760"]
[BlackElo "2273"]

1. e4 c5 2. Nf3 d6 3. d4 cxd4 4. Nxd4 Nf6 5. Nc3 a6 6. Be2 e6 7. Bg5 Be7 8. Qd2
O-O 9. O-O-O h6 10. Be3 Nc6 11. Nxc6 bxc6 12. Bxh6 gxh6 13. Qxh6 Ng4 14. Qh5
Nxf2 15. h4 Nxh1 16. Rxh1 Bf6 17. Rh3 Bg7 18. g4 Qf6 19. Rf3 Qg6 20. Qa5 Qh6+
21. g5 Qxh4 22. g6 fxg6 23. Rxf8+ Kxf8 24. Qc7 Qe7 25. Qxc6 Bb7 26. Qb6 Bxc3 27.
bxc3 Bxe4 28. Qf2+ Kg8 29. Qg3 e5 30. Bh5 Qf7 31. Kd2 Qf4+ 0-1

[Event "AUTO-ADV-492"]
[Site "http://www.queenalice.com/game.php?id=258994"]
[Date "2007.8.21"]
[Round "2"]
[White "Amadeus"]
[Black "chronorook"]
[Result "1-0"]
[WhiteElo "2273"]
[BlackElo "1762"]

1. d4 Nf6 2. c4 e6 3. Nc3 Bb4 4. e3 c6 5. Nf3 O-O 6. Bd3 d5 7. O-O Nbd7 8. Bd2
b6 9. Nxd5 cxd5 10. Bxb4 Re8 11. cxd5 Nxd5 12. Bd6 Bb7 13. Rc1 N7f6 14. Ba3 a5
15. Bb5 Ba6 16. Bxe8 Qxe8 17. Re1 Ne4 18. Qc2 Nef6 19. Ne5 h6 20. e4 Nf4 21. Qd2
g5 22. Rc7 Rc8 23. Rxf7 Ng4 24. Rxf4 gxf4 25. Nxg4 Qg6 26. Qxf4 Kg7 27. Ne5 Qf6
28. Qg4+ Kh7 29. Be7 Qg7 30. Qxe6 Rg8 31. Qf5+ 1-0